000 00421 a2200133 4500
003 Nust
005 20251008172223.0
040 _cNust
082 _a621,COM
100 _aCommunication Computer Products Test and Measurement
_9131032
245 _aData Pack A :
_cCommunication Computer Products Test and Measurement /
260 _aNorthants
_bCommunication Computer Products Test and Measurement
_c1994
942 _2ddc
_cBK
999 _c190897
_d190897